000 00365pam a2200157a 44500
008 230515b2008 xxu||||| |||| 00| 0 eng d
020 _aNULL
041 _aENGLISH
082 _aN
100 _aBRAIN
245 _aARTIFICIAL INTELLIGENCE ON THE SINCLAIR QL MAKE YOUR MICRO THINK
250 _a0
260 _aN
_bN/A
_c2008
300 _a216
650 _aNULL
999 _c650977
_d650977